[Event "Lueneburg distr-ch Haupt"]
[Site "Lueneburg"]
[Date "2017.10.12"]
[Round "2"]
[White "Drezek, Wieslaw"]
[Black "Harms, Volker"]
[Result "1-0"]
[WhiteElo "1604"]
[BlackElo "1664"]
[PlyCount "67"]
[EventDate "2017.10.12"]
[EventType "swiss"]
[EventRounds "7"]
[EventCountry "GER"]
[SourceTitle "EXT 2019"]
[Source "ChessBase"]
[SourceDate "2018.10.10"]
[SourceVersion "1"]
[SourceVersionDate "2018.10.10"]
[SourceQuality "1"]

1. e4 e5 2. Nf3 Nf6 3. Bc4 Nc6 4. Ng5 d5 5. exd5 Nxd5 6. Nxf7 Kxf7 7. Qf3+ Ke8 8. Bxd5 Qf6 9. Bxc6+ bxc6 10. Qe3 Bd6 11. Nc3 Qg6 12. Qe4 Qxe4+ 13. Nxe4 Bf5 14. d3 Rb8 15. Ng3 Rf8 16. 0-0 Kd7 17. b3 Be6 18. Be3 a5 19. a4 Bb4 20. Ne4 Be7 21. Rad1 Bd5 22. Nc3 Rf6 23. Bd2 Bb4 24. Ne4 Rg6 25. Ng3 h5 26. Ne4 Bxe4 27. dxe4 Ke6 28. Be3 Rf6 29. Rd3 Rg8 30. h4 Be7 31. Rc3 Kf7 32. Rd1 Rd8 33. Rxd8 Bxd8 34. Bg5 1-0